Diseño de estructuras de acero

Salvato in:
Dettagli Bibliografici
Autori principali: Gaylord, Edwin Henry (Autore), Gaylord, Charles N (Autore)
Natura: Libro
Lingua:spagnolo
Pubblicazione: Ciudad de México Continental 1980
Soggetti:
Tags: Aggiungi Tag
Nessun Tag, puoi essere il primo ad aggiungerne!!

MARC

LEADER 00000nam a2200000 a 4500
001 UCP1313
003 CL-VaPUC
008 990401e19800000MX |||||||||||||||||spa|d
082 0 4 |a 624.1821  |b GAY  |2 21 
100 |a Gaylord, Edwin Henry  |e author  |9 498274 
700 |a Gaylord, Charles N  |e author  |9 498275 
245 1 0 |a Diseño de estructuras de acero 
300 |a 718 p 
942 |c BK 
945 |d 19990401 00:00:00  |a lriquelm 
260 |a Ciudad de México  |b Continental  |c 1980 
650 0 |a Construcciones metálicas  |9 267978 
650 0 |a Estructuras de acero  |9 260344 
650 0 |a Diseño de estructuras  |9 260345 
650 0 |a Estructuras metálicas  |9 265870 
650 0 |a Propiedades mecánicas   |9 262507 
650 7 |a TENSION  |2 CL-VaPUC  |9 362336 
650 7 |a COMPRESION  |2 CL-VaPUC  |9 354568 
650 0 |a Vigas  |9 363949 
650 0 |a Puentes  |9 268175 
650 0 |a Edificios   |9 260501 
650 7 |a EDIFICIOS INDUSTRIALES  |2 CL-VaPUC  |9 268172 
583 |a last modification  |c 19990401 00:00:00  |k Rodrigo Vera 
999 |c 280004  |d 280002 
952 |0 0  |1 0  |4 0  |6 624_182100000000000_GAY_1980  |7 0  |8 A  |9 319958  |a BIBMEC  |b BIBMEC  |d 2019-11-20  |i 1336258  |o 624.1821 GAY 1980  |p 1336258  |r 2024-01-19  |w 2019-11-20  |y BK  |k MEC